Statystyki dla Pary geograficzne

Kliknij tutaj aby rozwiązać quiz!

Ogólne statystyki

  • Ten quiz został rozwiązany 14 razy
    (9 od ostatniego zresetowania)
  • Średni wynik to 10 z 25

Statystyki odpowiedzi

WskazówkaOdpowiedź% Poprawnych
Leżą na Półwyspie Iberyjskim
(nie zaliczamy tu Wielkiej Brytani i państw
bez dostępu do morza)
Hiszpania i Portugalia
86%
Ma na fladze tylko żółty i niebieski (Europa)Szwecja i Ukraina
86%
2 północne państwa Afryki,
które mają podobną nazwę do stolic
Algieria i Tunezja
57%
Sąsiedzi MongoliiChiny i Rosja
57%
Sąsiedzi USAKanada i Meksyk
57%
Dwa małe ,bogate kraje Europy
na literę "L"
Liechtenstein i Luksemburg
57%
Leżą w Europie,zaczynają się na "N"Niemcy i Norwegia
57%
Te państwa mają tylko jednego
sąsiada i są nim Włochy
San Marino i
Watykan
57%
Państwa na Oceanii ,których flagi
różnią się tylko kolorem
Australia i Nowa Zelandia
43%
Z tych państw pochodzą
Oleksandrija i Łudogorożec
Bułgaria i Ukraina
43%
Mają taką samą flagę ,tylko
jeden kolor na fladze jednego z nich
jest jaśniejszy jest jaśniejszy
Czad i Rumunia
43%
Te 2 państwa Europy znajdują
się na przynajmniej 5 kontynentach
Francja i Wielka Brytania
43%
Sąsiedzi BelizeGwatemala i Meksyk
43%
Odbyły się tam MŚ w 2002 rokuJaponia i Korea
Południowa
43%
Mają w nazwie "północna"Korea i Macedonia
43%
Na literę "P" w Ameryce południowejParagwaj i Peru
43%
W tych państwach odbyły się
ME w 2012 roku
Polska i Ukraina
43%
Mają na fladze tylko kolory
zielony i czerwony
Bangladesz i Maroko
29%
Mają 2 najdłuższe stolicę na świecieBrunei i Sri lanka
29%
Dwa najmniejsze państwa
na "T" (nie Tymawa)
Tonga i Tuvalu
29%
Ich nazwy pochodzą od równikaEkwador i Gwinea
Równikowa
29%
W tych państwach został
napisany Mikołajek
Belgia i Francja
14%
W tych państwach znajdują się Split i KotorChorwacja i Czarnogóra
14%
Te państwa w języku polskim mają
w nazwie określenie wielkości
(bez Wielkiej Brytanii.)
Mali i Mikronezja
0%
Są najmłodszymi państwamiSudan Południowy i Tymawa
0%

Rozkład punktacji

Percentyl według liczby udzielonych odpowiedzi

Procent ludzi z każdym wynikiem

Twoja historia wyników

Nie rozwiązałeś tego quizu od ostatniego zresetowania